Idea "vylepšovania človeka" z hľadiska filozofie pragmatizmu

Pragmatistický humanizmus je typ humanizmu, ktorý vyžaduje aby filozofická a vedecká práca nadväzovala na ľudské hodnoty a ciele. Akékoľvek ľudské problémy majú ľudský pôvod. Vylepšovanie človeka preto vidí v dobrom živote, šťastí jednotlivca a v dobrej spoločnosti. Každá strata ľudskosti hrozí nebe...

Full description

Saved in:
Bibliographic Details
Main Author: Višňovský, Emil
Format: Book Chapter
Language:Slovak
Subjects:
Tags: Add Tag
No Tags, Be the first to tag this record!

MARC

LEADER 00000naa a2200000 4500
001 0201880
005 20231211125906.5
041 0 |a slo 
044 |a SK 
245 1 0 |a Idea "vylepšovania človeka" z hľadiska filozofie pragmatizmu  |c Emil Višňovský 
520 |a Pragmatistický humanizmus je typ humanizmu, ktorý vyžaduje aby filozofická a vedecká práca nadväzovala na ľudské hodnoty a ciele. Akékoľvek ľudské problémy majú ľudský pôvod. Vylepšovanie človeka preto vidí v dobrom živote, šťastí jednotlivca a v dobrej spoločnosti. Každá strata ľudskosti hrozí nebezpečným sabadeštruktívnym úletom. 
610 2 0 |a filozofia 
610 2 0 |a kategórie filozofické 
610 2 0 |a metódy poznania 
610 2 0 |a vedomie spoločenské 
610 2 0 |a humanizmus 
610 2 0 |a smery filozofické 
100 1 |a Višňovský, Emil